Návrh adaptačného programu novoprijatých zamestnancov v SaarGummi Slovakia s.r.o.

Guardado en:
Detalles Bibliográficos
Autor principal: Gajdošová, Zuzana, 1986- (Autor)
Otros Autores: Homokyová, Mária, 1971- (Orientador)
Formato: Manuscrito Libro
Lenguaje:eslovaco
Publicado: Trnava : STU v Bratislave MTF UPMK, 2012
Materias:
Acceso en línea:VAIS
Etiquetas: Agregar Etiqueta
Sin Etiquetas, Sea el primero en etiquetar este registro!

MARC

LEADER 00000ntm a22000003a 4500
001 stu250954
005 20150617230200.4
008 120719s2012----xo------------------slo-d
040 |a STU  |b slo 
041 0 |a slo 
044 |a xo 
100 1 |a Gajdošová, Zuzana,  |d 1986-  |4 aut  |u M  |T MTF Materiálovotechnologická fakulta  |X 30297  |U M  |Y 60  |7 A000030297 
242 0 0 |a Proposal of the Adaptation Program of New Employees in Saargummi Slovakia s.r.o.  |y eng 
245 1 |a Návrh adaptačného programu novoprijatých zamestnancov v SaarGummi Slovakia s.r.o.  
260 |a Trnava :  |b STU v Bratislave MTF UPMK,  |c 2012 
300 |a 75 s 
650 7 |a priemyselné manažérstvo  |2 stusub 
650 7 |a Industrial Management  |2 estusub 
650 7 |a performance  |2 estusub 
650 7 |a analýza údajov  |2 stusub 
650 7 |a výkon  |2 stusub 
650 7 |a adaptačný program  |2 stusub 
700 1 |a Homokyová, Mária,  |d 1971-  |4 ths  |u M4000  |U MTF Materiálovotechnologická fakulta  |T MTF Ústav priemyselného inžinierstva a manažmentu  |X 2756  |U M4000  |Y 84  |7 A000002756 
856 4 |a info a plný text  |u http://is.stuba.sk/zp/portal_zp.pl?podrobnosti=67004  |3 VAIS 
996 |c M*DP-10828  |l MMSKP  |s P  |a 0  |w stu250954_0001